Troyes - Choix Multiples - Statistiques

Statistiques générales
  • Ce quiz a été pris 215 fois
  • Le résultat moyen est 7 sur 10
Statistiques - réponses
Question Réponse % Correct
Dans quelle région se trouve la ville de Troyes ? La Champagne
98%
Quelle catastrophe naturelle est considérée comme un risque majeur pour la ville de Troyes ? Les inondations
89%
De quel peuple celte provient le nom actuel de la ville de Troyes ? Les Tricasses
83%
Quelle est la particularité de la cathédrale Saint-Pierre-et-Saint-Paul ? Elle ne possède qu'une seule tour
71%
Que peut-on retrouver chaque année sur l'esplanade de Belgique ? La Foire de Mars
71%
Pour lequel de ces films des scènes ont été tournées dans le centre-ville historique de Troyes ? Les Trois Mousquetaires : D'Artagnan
68%
Lors de quelle guerre la ville de Troyes fût-elle la capitale de la France pour quelques années ? La guerre de Cent Ans
67%
Quelle liqueur tirant à 40° est une spécialité de Troyes ? Le Prunelle de Troyes
65%
Quel footballeur français est né à Troyes ? Djibril Sidibé
61%
Quelle ancien président de la République française donne son nom à la médiathèque de Troyes ? Jacques Chirac
57%
Aucun quiz correspondant
Distribution des résultats
% des personnes avec chaque résultat
Percentile par nombre de réponses
Votre historique - résultats
Vous n’avez pas pris ce quiz